E96(長崎バイパス)のIC - Statistics

General Stats
  • This quiz has been taken 23 times
  • The average score is 5 of 7
Answer Stats
長崎バイパス % Correct
IC 川平
100%
IC 間ノ瀬
86%
IC 長崎多良見
79%
IC 古賀市布
71%
IC 西山
64%
IC 昭和町
57%
IC 市布名
36%
No matching quizzes found
Score Distribution
Percent of People with Each Score
Percentile by Number Answered
Your Score History
You have not taken this quiz